| 000 | 00649nam a22001817a 4500 | ||
|---|---|---|---|
| 999 |
_c62684 _d62684 |
||
| 005 | 20250122170941.0 | ||
| 008 | 250122s2022 enk||||| |||| 00| 0 geo d | ||
| 041 | _a9781785043673x | ||
| 080 | _a159.9 E-68 | ||
| 100 |
_a Erikson, Thomas _924088 |
||
| 245 |
_aSurrounded by Narcissists: _bOr, How to Stop Other People's Egos Ruining Your Life / _cThomas Erikson. |
||
| 264 |
_aLondon : _b Vermilion, _c2022. |
||
| 300 |
_a299 p.; _b20 cm. |
||
| 653 | _aნარცისისტები | ||
| 653 | _aსხვა ადამიანების ეგოები | ||
| 653 | _aფსიქოლოგია | ||
| 942 |
_2udc _cᲬᲘᲒᲜᲘ |
||